Catálogo

Los orígenes sociales de la dictadura y de la democracia : (Registro nro. 41660)

Detalles MARC
000 -LEADER
fixed length control field 01692cam a2200433 i 4500
001 - CONTROL NUMBER
control field 41660
003 - CONTROL NUMBER IDENTIFIER
control field Mx-PuUPA
005 - DATE AND TIME OF LATEST TRANSACTION
control field 20250924124643.0
008 - FIXED-LENGTH DATA ELEMENTS--GENERAL INFORMATION
fixed length control field 140415s1976 sp gr 001 0 spa d
017 ## - COPYRIGHT OR LEGAL DEPOSIT NUMBER
Copyright or legal deposit number B. 52.288-1975
020 ## - INTERNATIONAL STANDARD BOOK NUMBER
International Standard Book Number 8429708472
040 ## - CATALOGING SOURCE
Transcribing agency Mx-PuUPA
Original cataloging agency Mx-PuUPA
Language of cataloging spa
Modifying agency Mx-PuUPA
Description conventions rda
041 1# - LANGUAGE CODE
Language code of text/sound track or separate title spa
Language code of original eng
043 ## - GEOGRAPHIC AREA CODE
Geographic area code a------
100 1# - MAIN ENTRY--PERSONAL NAME
Personal name Moore, Barrington,
Dates associated with a name 1913-2005
9 (RLIN) 17401
Relator term autor
240 10 - UNIFORM TITLE
Uniform title Social Origins of Dictatorship and Democracy. Lord and Peasant in the Makings of the Modern World.
Language of a work Español
245 14 - TITLE STATEMENT
Title Los orígenes sociales de la dictadura y de la democracia :
Remainder of title el señor y el campesino en la formación del mundo moderno /
Statement of responsibility, etc. Barrington Moore, jr. ; traducción Jaume Costa y Gabrielle Woith
250 ## - EDITION STATEMENT
Edition statement Segunda edición /
Remainder of edition statement enero
264 #1 - PRODUCTION, PUBLICATION, DISTRIBUTION, MANUFACTURE, AND COPYRIGHT NOTICE
Place of production, publication, distribution, manufacture Barcelona :
Name of producer, publisher, distributor, manufacturer Ediciones Península,
Date of production, publication, distribution, manufacture, or copyright notice 1976
300 ## - PHYSICAL DESCRIPTION
Extent 484 páginas ;
Dimensions 20 cm
336 ## - CONTENT TYPE
Fuente rdacontent
Content type term texto
Content type code txt
337 ## - MEDIA TYPE
Source rdamedia
Media type term sin medio
Media type code n
338 ## - CARRIER TYPE
Source rdacarrier
Carrier type term volumen
Carrier type code nc
490 0# - SERIES STATEMENT
Series statement Historia/Ciencia/Sociedad ;
Volume/sequential designation 95
490 0# - SERIES STATEMENT
Series statement Universitaria
650 #7 - SUBJECT ADDED ENTRY--TOPICAL TERM
Source of heading or term armarc
Topical term or geographic name entry element Historia social
General subdivision
650 #7 - SUBJECT ADDED ENTRY--TOPICAL TERM
Source of heading or term armarc
Topical term or geographic name entry element Historia económica
650 #7 - SUBJECT ADDED ENTRY--TOPICAL TERM
Source of heading or term armarc
Topical term or geographic name entry element Revoluciones
650 #7 - SUBJECT ADDED ENTRY--TOPICAL TERM
Source of heading or term armarc
Topical term or geographic name entry element Clases sociales
650 #7 - SUBJECT ADDED ENTRY--TOPICAL TERM
Source of heading or term armarc
Topical term or geographic name entry element Democracia
651 #4 - SUBJECT ADDED ENTRY--GEOGRAPHIC NAME
Geographic name Asia
General subdivision Política y gobierno
700 1# - ADDED ENTRY--PERSONAL NAME
Personal name Costa, Jaume,
Relator term traductor
700 1# - ADDED ENTRY--PERSONAL NAME
Personal name Woith, Gabrielle,
Relator term traductor
765 0# - ORIGINAL LANGUAGE ENTRY
Main entry heading Moore, Barrington
Title Social Origins of Dictatorship and Democracy. Lord and Peasant in the Makings of the Modern World.
942 ## - ADDED ENTRY ELEMENTS (KOHA)
Source of classification or shelving scheme Dewey Decimal Classification
Koha item type Libro
Classification part 301
Item part M8718
Existencias
Withdrawn status Lost status Source of classification or shelving scheme Damaged status Not for loan Collection code Home library Current library Shelving location Date acquired Source of acquisition Cost, normal purchase price Total Checkouts Full call number Barcode Date last seen Cost, replacement price Price effective from Koha item type
    Dewey Decimal Classification     General Biblioteca Karol Wojtyla Biblioteca Karol Wojtyla Sala general 03/12/2013 Donación 0.00   301 M8718 1976 62811 05/01/2026 0.00 03/12/2013 Libro